[Event "Bhopal GM Open 2018"]
[Site "Bhopal"]
[Date "2018.12.22"]
[Round "2"]
[White "Bhagyashree Patil"]
[Black "Vignesh N R"]
[Result "0-1"]
[WhiteElo "1758"]
[BlackElo "2455"]
[Annotator "TA"]
[PlyCount "52"]
[EventDate "2018.12.21"]
[EventType "swiss"]
[EventCountry "IND"]
[SourceTitle "playchess.com"]
[Source "ChessBase"]
[SourceQuality "1"]

{[%evp 9,52,30,37,32,35,15,29,-14,-3,-13,-5,-40,-20,-34,-20,-135,-73,-60,-45,-24,99,-72,-81,-403,-396,-402,-383,-562,-557,-625,-68,-805,-733,-777,-774,-860,-877,-870,-850,-982,-954,-2470,-2414,-29992,-29993]} 1. e4 g6 2. d4 Bg7 3. Be3 c6 4. c3 d5 5. e5 f6 (5... Nh6 6. f4 Qb6 7. Qb3 f6 8. Nf3 O-O 9. h3 fxe5 10. Nxe5 Nf5 11. Bf2 Nd6 12. g3 {0-1 (35) Nielsen,T (2115)-Jotic,V (2387) Sandavagur 2018}) 6. f4 {B06: Modern Defence} Nh6 7. h3 fxe5 8. fxe5 {White has an edge.} Nf5 $146 ({Predecessor:} 8... O-O 9. Bd3 Bf5 10. Nf3 Bxd3 11. Qxd3 e6 12. Nbd2 {0-1 (25) Dominguez Fernandez,S-Bueno Abalo,M (2247) Villagarcia de Arosa 2002}) 9. Bf2 Bh6 10. Qd3 O-O 11. Nd2 b6 12. b3 (12. Ngf3 $11 {keeps the balance.}) 12... Ng7 (12... Ba6 $142 13. c4 dxc4 14. Nxc4 c5 $1 {[%mdl 512]} 15. dxc5 b5) 13. Ngf3 $17 Bf5 $36 {[%mdl 2048] Black is more active.} 14. Qe2 Ne6 (14... Nh5 $11) 15. g3 $2 {[#]} (15. Be3 $16 {is necessary to keep the advantage.} Bf4 16. Bxf4 Nxf4 17. Qe3) 15... c5 $1 16. Nh4 $2 {[%mdl 8192]} (16. Be3 $17 {is more resistant.} Bxe3 17. Qxe3) 16... cxd4 $19 17. Nxf5 Rxf5 18. cxd4 (18. Bg2 $142 dxc3 19. Nf3) 18... Nc6 {[%cal Bb8c6,Bc6d4,Bd4c2,Bc2a1][%mdl 32]} 19. Nf3 Rc8 $2 (19... Qc7 $19 20. Qb2 Rxf3) 20. a3 $2 {[%mdl 8192] [#]} (20. Bg2 $15) 20... Rxf3 $1 {[%mdl 512]} 21. Qxf3 Ncxd4 22. Qg4 Nc2+ {[%mdl 64] Double Attack} 23. Ke2 Nxa1 24. Qxe6+ Kh8 25. Kf3 Qf8+ 26. Kg4 Rc3 {Accuracy: White = 20%, Black = 55%.} 0-1

[Event "Bhopal GM Open 2018"]
[Site "Bhopal"]
[Date "2018.12.22"]
[Round "2"]
[White "Sriram B"]
[Black "Shyaamnikhil P"]
[Result "0-1"]
[WhiteElo "1756"]
[BlackElo "2448"]
[Annotator "TA"]
[PlyCount "120"]
[EventDate "2018.12.21"]
[EventType "swiss"]
[EventCountry "IND"]
[SourceTitle "playchess.com"]
[Source "ChessBase"]
[SourceQuality "1"]

{[%evp 15,120,6,11,-19,0,-10,-1,-10,-11,-10,-19,-35,-39,-39,-36,-39,-41,-105,-114,-93,-72,-80,-80,-125,-135,-159,-145,-138,-126,-126,-114,-137,-153,-129,-113,-135,-93,-97,-91,-83,-85,-93,-75,-71,-74,-458,-464,-423,-452,-506,-505,-504,-503,-493,-493,-839,-843,-788,-574,-839,-653,-1147,-1122,-1081,-1081,-1012,-962,-889,-854,-782,-778,-29970,-29972,-29970,-29971,-6621,-6050,-29979,-29980,-29979,-29980,-29980,-29981,-29982,-29983,-29984,-29985,-29985,-29986,-29986,-29987,-29989,-29990,-29990,-29990,-29990,-29988,-29988,-29985,-29985,-29986,-29986,-29987,-29992,-29993,-29993,-29994]} 1. e4 c5 2. Nc3 Nc6 3. g3 g6 4. Bg2 Bg7 5. d3 Rb8 6. f4 d6 7. Nf3 b5 8. a3 e6 {[%cal Be7e6,Be6e5][%mdl 32] LiveBook: 9 Games. B25: Closed Sicilian: 3 g3, lines without early Be3} 9. Ne2 (9. Be3 Nge7 10. d4 b4 11. axb4 Rxb4 12. dxc5 d5 13. exd5 exd5 14. Ne5 Nxe5 15. fxe5 d4 16. Bg5 dxc3 17. Qxd8+ Kxd8 18. bxc3 {1-0 (25) Navara,D (2638)-Sasikiran,K (2711) Wijk aan Zee 2009}) 9... Nge7 10. c3 O-O {The position is equal.} 11. Be3 a5 12. d4 $146 ({Predecessor:} 12. O-O b4 13. axb4 axb4 14. Qc2 Qb6 15. d4 cxd4 16. cxd4 {½-½ (30) Zumtobel,T-Mann,G (2230) Stockerau 1992}) 12... cxd4 13. Nfxd4 e5 14. Nxc6 Nxc6 15. O-O a4 16. b4 (16. Qe1 $15) 16... axb3 $1 $17 17. Qxb3 Be6 18. Qc2 Na5 19. Kh1 Bb3 20. Qd3 Bc4 21. Qc2 d5 22. exd5 Bxd5 23. Rfd1 {[#]} Bxg2+ $1 24. Kxg2 Qc8 25. fxe5 Bxe5 26. Nd4 Re8 27. Bf2 Nc4 28. Re1 Bg7 29. Rxe8+ Qxe8 30. Re1 $2 {[%mdl 8192] [#]} (30. Qe2 $17 {is tougher.}) 30... Qxe1 $1 $19 {[%mdl 576] Remove Defender, Deflection} 31. Bxe1 Ne3+ {[%mdl 64] Double Attack} 32. Kf3 Nxc2 33. Nxc2 {[#]} Bxc3 $1 {[%mdl 512]} 34. Bxc3 Rc8 35. Bb4 (35. Kf4 $142) 35... Rxc2 {[%mdl 4096] Endgame KR-KB} 36. h3 f5 37. Kf4 Kf7 38. h4 Rc4+ 39. Kf3 h6 {[%cal Bh7h6,Bh6g5,Bg5g4][%mdl 32]} 40. Bd2 Rd4 41. Ke3 Rg4 42. Kf3 g5 43. hxg5 hxg5 44. Be3 Kf6 45. Bd2 Rc4 46. Ba5 g4+ {Black mates.} 47. Ke3 {[#]} f4+ $1 48. gxf4 Kf5 49. Kf2 Rxf4+ 50. Kg2 Rf3 51. Bb4 Rd3 52. Bc5 g3 53. Bb4 Kg4 54. Bc5 Rd2+ 55. Kf1 Kf3 {[%cal Rd2d1]} 56. Ke1 Rd5 57. Bb6 g2 58. Ba7 Rd3 59. Bc5 {[#]} Re3+ $1 {[%mdl 64] Promotion} 60. Bxe3 Kxe3 {Accuracy: White = 38%, Black = 81%.} 0-1

[Event "Bhopal GM Open 2018"]
[Site "Bhopal"]
[Date "2018.12.22"]
[Round "2"]
[White "Patil Priyanshu"]
[Black "Laxman, R.R."]
[Result "0-1"]
[WhiteElo "1748"]
[BlackElo "2436"]
[Annotator "TA"]
[PlyCount "90"]
[EventDate "2018.12.21"]
[EventType "swiss"]
[EventCountry "IND"]
[SourceTitle "playchess.com"]
[Source "ChessBase"]
[SourceQuality "1"]

{[%evp 20,90,8,5,20,20,20,-18,0,0,4,2,14,-16,0,-70,0,0,0,0,0,9,0,0,-4,-14,-10,-104,-26,-105,-100,-116,-132,-315,-310,-312,-290,-331,-331,-341,-322,-308,-292,-381,-377,-548,-572,-567,-524,-499,-453,-734,-742,-1749,-2329,-1357,-1316,-29987,-29988,-29988,-29989,-29989,-29987,-29987,-1127,-29988,-29989,-29991,-29992,-29992,-29988,-29993,-29994]} 1. e4 e5 2. Nf3 Nc6 3. Bb5 a6 4. Ba4 Nf6 5. O-O Be7 6. Re1 b5 7. Bb3 O-O 8. h3 d6 9. a3 Na5 {C90: Closed Ruy Lopez with 7...d6: Early deviations} 10. Ba2 c5 11. d3 {LiveBook: 5 Games} (11. Nc3 Nc6 12. d3 h6 13. Bd2 Rb8 14. Rb1 a5 15. a4 b4 16. Nb5 Re8 17. c3 {½-½ (67) Harikrishna,P (2766)-Wojtaszek,R (2750) Wijk aan Zee 2017}) 11... Be6 {The position is equal.} 12. Bxe6 fxe6 13. Nbd2 {[%cal Bb1d2,Bd2f1,Bf1e3,Be3g4][%mdl 32]} Nc6 14. c3 Nh5 $146 ({Predecessor:} 14... Qc7 15. a4 Qd7 16. Qb3 b4 17. Nc4 {½-½ (31) Willow,M (2261)-Teeriaho,T (2330) ICCF email 2016}) 15. Nf1 Nf4 16. Ne3 Rc8 17. b4 ({White should try} 17. a4 $11) 17... Qe8 ({Better is} 17... d5 $15 18. exd5 exd5) 18. Ng4 $11 h5 $36 {[%mdl 2048] Black has some pressure.} 19. Ngh2 Qg6 {[%csl Gf4][%cal Rg6g2]} 20. Bxf4 $1 exf4 21. Qb3 Qf7 22. e5 {exd6 is the strong threat.} d5 23. Rad1 (23. bxc5 $11 Bxc5 24. a4) 23... Qf5 ({Black should play} 23... g5 $17 {next ...Qg6 is good for Black.} 24. bxc5 Qg6) 24. d4 (24. h4 $11) 24... cxd4 $17 25. cxd4 g5 {[%cal Bg7g5,Bg5g4][%mdl 32]} 26. Qd3 $2 {[#]} (26. Kh1 $17 {was called for.}) 26... g4 $1 $19 27. Qxf5 exf5 {[%cal Be6f5,Bf5g4][%mdl 32]} 28. hxg4 fxg4 ({Much less strong is} 28... hxg4 29. Nd2 $19) 29. Nd2 Nxd4 30. Nb1 Rc4 31. Nd2 Rc2 32. Nb1 (32. Ndf1 {was necessary.} Ne2+ 33. Kh1) 32... Bh4 33. Rd2 Rfc8 34. Nf1 Ne6 35. g3 (35. Red1 $142 Rxd2 36. Nbxd2) 35... Ng5 36. Rxc2 Nf3+ 37. Kh1 Rxc2 38. Rd1 Rxf2 39. Nbd2 fxg3 {[%csl Gf2][%cal Rg3g2]} 40. Nxf3 gxf3 {KRB-KRN} 41. Kg1 Rg2+ 42. Kh1 Re2 {Black mates.} 43. Kg1 g2 44. Nd2 Bf2+ 45. Kh2 {[#]} Rxd2 $1 {[%mdl 64] Promotion. Accuracy: White = 37%, Black = 64%.} 0-1

[Event "Bhopal GM Open 2018"]
[Site "Bhopal"]
[Date "2018.12.22"]
[Round "2"]
[White "Bhogal, Rupesh"]
[Black "Raahul V S"]
[Result "0-1"]
[WhiteElo "1740"]
[BlackElo "2381"]
[Annotator "TA"]
[PlyCount "66"]
[EventDate "2018.12.21"]
[EventType "swiss"]
[EventCountry "IND"]
[SourceTitle "playchess.com"]
[Source "ChessBase"]
[SourceQuality "1"]

{[%evp 19,66,-12,0,-8,-6,-21,-15,-22,-14,-21,-14,-24,-17,-34,-32,-39,-39,-136,-16,-119,-130,-135,-128,-143,-116,-100,-93,-164,-99,-95,-89,-209,-205,-296,-270,-526,-505,-1204,-1157,-1791,-1662,-29982,-29982,-29984,-29984,-29984,-29985,-29984,-29982]} 1. e4 e5 2. Nf3 Nc6 3. Bb5 a6 4. Ba4 Nf6 5. O-O b5 6. Bb3 Bb7 7. Re1 Bc5 8. c3 d6 9. d4 Bb6 10. h3 O-O {LiveBook: 66 Games} 11. d5 {C78: Ruy Lopez: Archangelsk and Möller Defences} (11. Be3 Na5 12. dxe5 dxe5 13. Bxb6 cxb6 14. Qxd8 Rfxd8 15. Nbd2 Nxb3 16. Nxb3 Nxe4 17. Nxe5 f6 18. Nf3 Kf7 {½-½ (29) Smeets,J (2632)-Svidler,P (2739) Amsterdam 2009}) 11... Ne7 12. Nbd2 c6 13. dxc6 {The position is equal.} Bxc6 14. Bc2 Ng6 15. Nf1 Ra7 $146 ({Predecessor:} 15... Re8 16. Ng3 Bc7 17. Bg5 h6 18. Bxf6 Qxf6 {½-½ (51) Makolli,P (2223)-Mitkov,M (2390) Ohrid 2009}) 16. Ng3 Rd7 17. Qe2 Re8 {[%cal Bf8e8,Be8e6,Be6f6][%mdl 32]} 18. Nf5 (18. Bg5 $15) 18... Qa8 (18... d5 $17 19. exd5 Bxd5) 19. Ng5 (19. Bg5 $11 {remains equal.}) 19... h6 $17 20. Nf3 d5 {[%cal Rd5e4]} 21. Nh2 dxe4 22. Ng4 {[#] Nxf6+ is the strong threat.} Re6 $1 23. Bb3 {[#]} (23. g3 $17) 23... Bd5 (23... Nd5 $1 $19 24. Qc2 h5) 24. Be3 Nf4 25. Bxf4 (25. Nxf6+ $17 Rxf6 26. Qg4) 25... exf4 $19 26. Nxf6+ (26. Red1 $142 Ne8 27. Nd4 Bxb3 28. axb3 Bxd4 29. Rxd4 Rxd4 30. cxd4) 26... Rxf6 27. Qg4 $2 (27. Bxd5 {was necessary.} Qxd5 28. Nd4) 27... Rg6 28. Nxh6+ (28. Bxd5 $142 Qxd5 29. Red1) 28... gxh6 29. Qxd7 Bxb3 30. axb3 e3 {[%csl Gg6][%cal Ra8g2] Black mates.} 31. f3 Qxf3 $1 {[%csl Gg6][%cal Rf3g2]} 32. Qe8+ Kg7 {[%csl Gg6][%cal Rf3g2]} 33. Qe5+ Kh7 {Accuracy: White = 23%, Black = 63%.} 0-1

[Event "Bhopal GM Open 2018"]
[Site "Bhopal"]
[Date "2018.12.22"]
[Round "3"]
[White "Tran, Tuan Minh"]
[Black "Vijay Shreeram P"]
[Result "1-0"]
[WhiteElo "2524"]
[BlackElo "1907"]
[Annotator "TA"]
[PlyCount "122"]
[EventDate "2018.12.21"]
[EventType "swiss"]
[EventCountry "IND"]
[SourceTitle "playchess.com"]
[Source "ChessBase"]
[SourceQuality "1"]

{[%evp 9,122,30,46,43,43,47,67,53,88,62,62,65,109,106,118,136,249,124,124,121,120,123,139,79,87,89,87,89,122,122,120,117,119,121,121,125,119,123,115,123,136,123,125,112,107,98,98,98,99,88,117,111,111,112,123,100,127,127,122,104,93,107,107,81,94,0,72,73,67,49,64,31,36,10,24,0,2,0,8,0,113,115,110,114,209,113,104,8,8,0,106,94,93,91,91,92,92,96,98,63,143,31,82,82,82,82,29971,29972,29989,29990,29990,29989,29993,29994,29994]} 1. d4 f5 2. Bf4 Nf6 3. e3 e6 {[%cal Be7e6,Be6e5][%mdl 32]} 4. Nf3 d6 (4... b6 5. Be2 Be7 6. h3 Bb7 7. O-O O-O 8. c4 Ne4 9. Nbd2 Bf6 10. Nxe4 fxe4 11. Nd2 Bxd4 12. Qc2 Na6 {1-0 (44) Skoberne,J (2563)-Cheparinov,I (2693) Batumi 2018}) 5. h3 Qe7 6. c4 {A80: Dutch Defence: Unusual White second moves} Nc6 7. Nc3 e5 $146 ({Predecessor:} 7... g6 8. Be2 Bg7 9. Bh2 O-O 10. O-O b6 11. d5 Nd8 12. dxe6 Nxe6 {0-1 (31) Sean,W (2186)-Torma,R (2392) Budapest 2013}) 8. Bg5 {White is slightly better.} e4 9. Nd5 Qf7 10. Bxf6 $1 exf3 11. Bh4 fxg2 12. Bxg2 Be6 (12... g6 $16 13. Nf6+ Kd8) 13. Qa4 (13. Qb3 $18 Bc8 14. Qa4) 13... Qd7 $16 14. O-O-O Bxd5 15. Bxd5 Nd8 16. Qxd7+ (16. Qc2 $142) 16... Kxd7 17. Bxd8 Rxd8 18. Bxb7 c6 19. d5 c5 20. Rd3 Kc7 21. Bc6 {Black must now prevent Ra3.} Rb8 22. Ra3 Kb6 23. Rd1 {Strongly threatening Rdd3.} Be7 24. Rdd3 {White threatens Rdb3+ and mate.} a6 25. Rdb3+ Ka7 26. Bb5 Rb6 27. Ra5 Ra8 28. Rba3 Kb8 29. Bxa6 g5 30. Bb5 Rxa5 31. Rxa5 {[%mdl 4096] Endgame aiming for Bc6. KRB-KRB} Bf6 32. b4 cxb4 33. Bc6 $1 f4 34. exf4 gxf4 35. Ra8+ Kc7 36. Ra7+ Kb8 37. Ra8+ Kc7 38. Kc2 Bd4 39. Ra7+ Kb8 $1 {[%cal Rb8a7]} 40. Rxh7 {Threatens to win with h4.} Ra6 41. f3 {Threatening Rb7+.} Ra3 42. Rb7+ Kc8 43. Rxb4 Rxf3 44. Rb3 Rf1 (44... Rg3 $11 {remains equal.}) 45. Kd3 Be5 46. Ke4 Rf2 (46... Ra1 $16 47. Kf5 Rxa2) 47. a4 ({Better is} 47. Bb5 $1 $18) 47... Re2+ 48. Kd3 (48. Kf5 $16) 48... Rh2 $11 49. Ke4 (49. Rb1 $11) 49... Re2+ $1 $16 50. Kf3 Rh2 51. Kg4 Rg2+ 52. Kf5 Rg3 53. Rb1 Rxh3 54. a5 {c5! is the strong threat.} Ra3 {[#]} (54... f3 $1 $14) 55. c5 ({White must play} 55. a6 $1 $16 {[%mdl 512]} Bd4 (55... Rxa6 56. Bb7+) 56. Kxf4) 55... Rxa5 (55... f3 $1 $14) 56. cxd6 Bxd6 {[#]} 57. Ke6 $1 {[%cal Re6d6]} Bc5 $2 {[%mdl 8192] [#]} (57... Bc7 $16) 58. d6 $1 {White mates.} Bxd6 59. Kxd6 Ra6 60. Rh1 {[%cal Rh1h8]} Kb8 61. Rh8+ Ka7 {Accuracy: White = 49%, Black = 52%.} 1-0

[Event "Bhopal GM Open 2018"]
[Site "Bhopal"]
[Date "2018.12.22"]
[Round "3"]
[White "Deviatkin, Andrei"]
[Black "Meghna, C H"]
[Result "1-0"]
[WhiteElo "2464"]
[BlackElo "1885"]
[Annotator "TA"]
[PlyCount "115"]
[EventDate "2018.12.21"]
[EventType "swiss"]
[EventCountry "IND"]
[SourceTitle "playchess.com"]
[Source "ChessBase"]
[SourceQuality "1"]

{[%evp 28,115,-10,-7,-8,-46,-16,-20,-13,-11,-20,-16,-9,-13,0,8,21,6,16,0,15,0,7,0,0,0,116,23,68,77,69,-5,113,113,145,140,205,160,197,157,160,162,162,160,205,210,206,187,264,269,281,299,324,309,539,386,380,386,386,384,348,370,519,512,517,512,506,508,512,488,541,539,521,536,523,491,1009,971,1797,1450,29974,29970,29979,29980,29980,29980,29980,29981,5636,5138]} 1. d4 e6 2. Nf3 d5 3. e3 Nf6 4. Bd3 c5 5. c3 Nc6 6. Nbd2 Bd6 7. dxc5 Bxc5 8. O-O O-O 9. e4 Qc7 10. Qe2 b6 {D05: Colle System with ...e6} (10... h6 11. Bc2 Bb6 12. a4 a6 13. g3 Bd7 14. Kg2 Rad8 15. h3 e5 16. exd5 Nxd5 17. Nc4 Qc8 18. Rh1 Bc7 {½-½ (38) Mamedyarov,S (2660)-Volokitin,A (2652) Mallorca 2004}) 11. e5 Ng4 12. Bxh7+ Kxh7 13. Ng5+ Kg8 14. Qxg4 Qxe5 15. Nb3 {LiveBook: 3 Games} Be7 16. Be3 Qf6 $146 (16... f6 $5 {[%cal Rf6g5]} 17. Bf4 Qf5 18. Qxf5 exf5 $11) ({Predecessor:} 16... Ba6 17. Rfe1 Bd3 18. Nf3 {0-1 (57) Winkler,T (2370)-Beckmann,M (1577) IECG email 1999}) 17. Qh5 {[%csl Gg5][%cal Rh5h7]} Qh6 18. Qxh6 gxh6 19. Nf3 {[%cal Bg5f3,Bf3e5,Be5g4][%mdl 32]} Kh7 20. Rad1 Bb7 21. Rfe1 Rad8 22. Nbd4 Na5 23. Bc1 Bf6 24. Ne5 Nc4 25. Ng4 Bg7 26. Rd3 Bc8 {[#]} (26... h5 $11 27. Rh3 Kg6) 27. b3 (27. Nxh6 $1 $16 {[%mdl 512] White wants to play Rh3.} Bd7 (27... Bxh6 28. Rh3) 28. Rh3) 27... e5 28. Nc6 {[%mdl 64] Double Attack} Rd6 29. bxc4 ({White should play} 29. Ngxe5 $14 Nxe5 30. Nxe5) 29... Bxg4 (29... e4 $11 30. Rxd5 Rxc6) 30. cxd5 $16 {Black must now prevent Ba3.} Re8 31. c4 e4 (31... Rd7 $16 32. Rg3 Bf5) 32. Rde3 ({Resist} 32. Nxa7 $6 exd3 33. Rxe8 Bd7 $16) 32... Bd7 33. Ba3 Rg6 {[#]} 34. Ne7 $1 {[%cal Re7g6]} ({Don't take} 34. Rxe4 $6 Rxe4 35. Rxe4 Bxc6 $14) 34... Rg4 35. Rxe4 Rxe4 36. Rxe4 Bf6 37. f3 Rd8 (37... Bxe7 $142 38. Bxe7 Kg6) 38. g4 $18 Bc3 39. Kg2 Kg7 40. h4 {[%cal Bh2h4,Bh4h5][%mdl 32]} Kf6 $2 (40... h5 {was necessary.} 41. Kg3 f6) 41. h5 Kg7 42. Kg3 Kh7 43. Kf2 Bf6 44. Rf4 Bh4+ (44... Kg7 $142 45. Re4 Kh7) 45. Kf1 Be8 46. Nf5 Bg5 47. Re4 Bd7 48. Be7 Bxf5 49. gxf5 Bxe7 50. Rxe7 {[%mdl 4160] Endgame Double Attack. KR-KR} Kg7 51. Rxa7 b5 (51... Rc8 $142 52. Ra4 Kf6) 52. cxb5 {[%cal Bc4b5,Bb5b6,Bb6b7][%mdl 32]} Rxd5 53. a4 {[%cal Ba2a4,Ba4a5][%mdl 32]} Rxf5 54. Kf2 Rxh5 55. b6 Rh2+ 56. Kg3 Rb2 57. a5 Kg6 58. b7 {Accuracy: White = 69%, Black = 34%.} 1-0

[Event "Bhopal GM Open 2018"]
[Site "Bhopal"]
[Date "2018.12.22"]
[Round "3"]
[White "Vignesh N R"]
[Black "Jain Nityata"]
[Result "1-0"]
[WhiteElo "2455"]
[BlackElo "1882"]
[Annotator "TA"]
[PlyCount "91"]
[EventDate "2018.12.21"]
[EventType "swiss"]
[EventCountry "IND"]
[SourceTitle "playchess.com"]
[Source "ChessBase"]
[SourceQuality "1"]

{[%evp 27,91,25,34,19,46,45,58,52,82,67,91,82,86,73,85,81,116,116,160,159,176,131,138,143,148,129,230,233,245,245,239,211,227,230,230,219,382,275,360,220,220,204,197,214,212,197,206,221,213,195,183,95,275,275,321,325,471,463,524,514,529,464,675,592,29977,6327]} 1. c4 Nf6 2. Nc3 d5 3. cxd5 Nxd5 4. Nf3 g6 5. g3 Bg7 6. Bg2 Nb6 7. d4 O-O 8. O-O Nc6 {[%cal Bb8c6,Bc6a5,Ba5c4][%mdl 32]} 9. e3 Re8 10. Nh4 {D76: Fianchetto Grünfeld: Main Line with 7...Nb6} (10. a3 e5 11. d5 Na5 12. Qc2 c6 13. b4 Nac4 14. dxc6 bxc6 15. Rd1 Bf5 16. e4 Bd7 17. Na4 Nxa4 18. Qxc4 {½-½ (50) Le,Q (2737)-Ivanchuk,V (2726) Huaian 2017}) 10... e5 11. d5 Na5 12. Rb1 Nac4 13. b3 Nd6 14. e4 Bd7 {LiveBook: 4 Games} 15. a4 a5 {[#]} 16. Nf3 $146 {[%cal Bh4f3,Bf3d2,Bd2c4][%mdl 32]} ({Predecessor:} 16. Re1 f5 17. exf5 gxf5 {1-0 (46) Gabuzyan,H (2532)-Chigaev,M (2508) Al Ain 2013}) 16... Qe7 17. Ba3 Red8 18. Nd2 Be8 19. Nc4 Nbxc4 20. bxc4 b6 21. Nb5 Bxb5 22. cxb5 Qd7 23. Rc1 Nb7 24. Qc2 Rac8 25. Qb2 Re8 26. Rc6 Bf8 (26... Nd8 $16 {was worth a try.}) 27. Bxf8 $18 Kxf8 28. f4 Nc5 29. fxe5 {Hoping for e6.} Kg8 30. e6 fxe6 31. Bh3 Qg7 $2 (31... Nxa4 32. Qf6 Nc5) 32. Qxg7+ Kxg7 33. Bxe6 ({Not} 33. dxe6 Re7 $14) 33... Nxe6 34. dxe6 {[%mdl 4096] Endgame KRR-KRR} Re7 35. Rfc1 $1 Kf6 36. Rxb6 cxb6 37. Rxc8 Kxe6 {[#] KR-KR} 38. Kf2 $1 Ke5 {[#]} 39. Rc6 ({White should play} 39. Ke3 $1 $18) 39... Kxe4 $2 (39... Rf7+ $16 {might work better.} 40. Ke3 Rf1) 40. Rxb6 Rd7 41. Re6+ Kd3 (41... Kd5 {is a better defense.} 42. Ra6 Kc5) 42. Ra6 Kc4 43. Rxa5 Kb4 44. Ra8 Rd2+ (44... Rf7+ $142 45. Ke3 Re7+ 46. Kd4 Rd7+ 47. Ke4 Kc5) 45. Ke3 Rxh2 46. b6 {Accuracy: White = 74%, Black = 23%.} 1-0

[Event "Bhopal GM Open 2018"]
[Site "Bhopal"]
[Date "2018.12.22"]
[Round "3"]
[White "Shyaamnikhil P"]
[Black "Deodhar, Vrushali Umesh"]
[Result "1-0"]
[WhiteElo "2448"]
[BlackElo "1874"]
[Annotator "TA"]
[PlyCount "71"]
[EventDate "2018.12.21"]
[EventType "swiss"]
[EventCountry "IND"]
[SourceTitle "playchess.com"]
[Source "ChessBase"]
[SourceQuality "1"]

{[%evp 22,71,34,24,50,50,44,36,36,35,77,75,104,99,90,77,68,59,50,25,30,0,191,188,194,186,174,177,313,327,324,335,516,513,587,361,514,256,429,439,432,410,489,488,525,464,466,445,422,404,696,663]} 1. Nf3 d5 2. g3 c6 3. Bg2 Bf5 4. b3 Nf6 5. Bb2 h6 6. d3 e6 7. Nbd2 Be7 8. O-O O-O 9. Qe1 Bh7 10. e4 dxe4 11. dxe4 Nbd7 12. Qe2 {LiveBook: 35 Games} Re8 {A07: Réti Opening: New York and Capablanca Systems} 13. Rfd1 $146 ({Predecessor:} 13. Rad1 Qa5 14. Nc4 Qa6 15. Nfe5 Nxe5 16. Bxe5 Red8 17. a4 Ne8 18. Rfe1 b5 19. Ne3 Qb6 20. Ra1 {0-1 (52) Saldano Dayer,H (2436)-Quillan,G (2356) Campillos 2006}) 13... Qc7 14. e5 Nd5 {White is slightly better.} 15. Ne4 Nc5 16. Nd6 Red8 17. c4 Nb4 18. Ne1 a5 19. Qe3 Nba6 20. a3 b6 21. Qf3 {[#] b4 is the strong threat.} Bxd6 $2 (21... Bf8 $11 {and Black is okay.}) 22. exd6 $18 (22. Rxd6 Be4 $11) 22... Rxd6 23. Rxd6 Qxd6 {[#]} 24. b4 $1 $40 {[%mdl 128] Black is in trouble.} ({Inferior is} 24. Qxc6 Qxc6 25. Bxc6 Rd8 $17) (24. Rd1 $6 Qf8 $14) 24... Nd3 (24... Ne4 {might work better.}) 25. Nxd3 {[%mdl 64] Overworked Piece} ({Not} 25. Qxc6 Qxc6 26. Bxc6 Rc8 $14) 25... Qxd3 26. Qxc6 {[%mdl 64] Double Attack} Rd8 (26... Rf8 {was called for.} 27. Qxb6 Qxc4) 27. Qxb6 Rd6 28. Qe3 Bf5 (28... Qxe3 $142 29. fxe3 Rd2) 29. c5 (29. b5 $142) 29... Rd8 $2 (29... Qxe3 30. fxe3 Rd2) 30. Bf1 Qxe3 31. fxe3 Nc7 32. b5 Nd5 33. Re1 Be4 34. c6 Rc8 35. Bd4 Rb8 (35... Ne7 $142 36. Bb6 a4) 36. Rc1 {Accuracy: White = 73%, Black = 40%.} 1-0

[Event "Bhopal GM Open 2018"]
[Site "Bhopal"]
[Date "2018.12.22"]
[Round "3"]
[White "Laxman, R.R."]
[Black "Kishore Kumar Jaganathan"]
[Result "1-0"]
[WhiteElo "2436"]
[BlackElo "1871"]
[Annotator "TA"]
[PlyCount "83"]
[EventDate "2018.12.21"]
[EventType "swiss"]
[EventCountry "IND"]
[SourceTitle "playchess.com"]
[Source "ChessBase"]
[SourceQuality "1"]

{[%evp 16,83,60,44,62,58,69,66,81,84,83,81,71,56,91,73,81,56,77,0,87,85,170,114,114,114,114,113,120,121,161,161,159,123,120,95,113,20,17,29,28,15,31,22,80,85,86,75,77,0,86,30,145,203,195,185,179,83,97,79,729,692,706,715,685,679,744,721,695,669]} 1. d4 Nf6 2. Nf3 g6 3. c4 Bg7 4. Nc3 d5 5. cxd5 Nxd5 6. Bd2 Nb6 7. Bg5 {D90: Grünfeld: 4 Nf3 Bg7 sidelines} (7. Bf4 O-O 8. e3 Be6 9. Be2 c5 10. dxc5 N6d7 11. Nd4 Nxc5 12. Nxe6 Nxe6 13. Bg3 Nc6 14. O-O Nc5 15. Rc1 Bxc3 16. Rxc3 {½-½ (31) Onischuk,A (2681)-Swiercz,D (2654) Saint Louis 2018}) 7... O-O 8. e3 Nc6 9. Bb5 {LiveBook: 6 Games. White is slightly better.} Be6 10. O-O h6 $146 ({Predecessor:} 10... Bc4 11. Bxc4 Nxc4 12. Rc1 Nd6 13. Qb3 {1-0 (49) Hubert,R (2284)-Vetter,H (2269) Germany 2008}) 11. Bh4 Bc4 12. Bxc4 Nxc4 13. Qb3 Nd6 14. Rfd1 Qd7 15. e4 Na5 16. Qb4 Nc6 17. Qb3 Na5 $1 {[%cal Ra5b3]} 18. Qc2 Qc6 (18... Nc6 $16) 19. Bxe7 (19. b4 $18) 19... Rfe8 $16 20. Bxd6 cxd6 21. Rac1 Rac8 22. b3 b5 {aiming for ...b4.} 23. Qd2 {Hoping for Nd5.} Qb7 24. Qd3 a6 25. d5 Qe7 26. Nd2 (26. Qe3 $16) 26... Qe5 $11 {[%cal Rc8c3]} 27. Ne2 Qb2 $1 28. a4 Nb7 29. axb5 axb5 (29... Rxc1 $11 {keeps the balance.} 30. Nxc1 (30. Rxc1 Nc5 $11) 30... Nc5) 30. Qxb5 Nc5 31. Rb1 Qc2 32. Rbc1 Qb2 33. Kf1 ({Better is} 33. Rxc5 $16 Rb8 34. Qd3 dxc5 35. Rb1) 33... h5 (33... Rb8 $11 34. Qc4 Qa3) 34. Nc4 $1 $16 {[%cal Rc4b2]} Qf6 {[#]} 35. e5 $1 {[%cal Re5f6]} dxe5 {[#]} 36. Nd2 (36. Nc3 $1 $18 {is more deadly.}) 36... Bf8 37. b4 $36 {[%mdl 2048] White has strong initiative.} Na6 $2 {[%mdl 8192]} (37... Rb8 $16 38. Qc4 Nd7) 38. Rxc8 $18 {White is clearly winning.} Rxc8 39. Ne4 {[%cal Bd2e4,Be4f6,Bf6d7][%mdl 32]} Qh4 40. Qxa6 Rb8 41. Nf6+ Kg7 42. Nd7 {[%mdl 64] Double Attack. Accuracy: White = 49%, Black = 38%.} 1-0